Objektově orientované programování : Cvičení

Gespeichert in:
Bibliographische Detailangaben
1. Verfasser: Kokeš, J. (Verfasst von)
Format: Buch
Sprache:Tschechisch
Veröffentlicht: Praha : ČVUT, 2008
Ausgabe:1. vyd.
Schlagworte:
Tags: Tag hinzufügen
Keine Tags, Fügen Sie das erste Tag hinzu!

MARC

LEADER 00000nam a22000003a 4500
001 stu240331
005 20150716165429.7
008 111213s2008----xr------------------cze-d
020 |a 978-80-01-03935-9 
040 |a STU  |b slo 
041 0 |a cze 
044 |a xr 
080 |a 004.42 
100 1 |a Kokeš, J.  |4 aut 
245 1 |a Objektově orientované programování :  |b Cvičení 
250 |a 1. vyd. 
260 |a Praha :  |b ČVUT,  |c 2008 
300 |a 131 s 
650 7 |a programovanie objektové  |2 stusub 
996 |b 284J039489  |c J*114265  |l JJST  |s P  |a 0  |w stu240331_0001